000 01575nam0a2200397 4500
001 RU\NLR\BIBL_A\022664860
005 20260209111915.0
010 _a978-5-04-223597-9
_93000
021 _aRU
_bКН-П-25-059234
_9КН-П-25-5703
035 _a(NLR Aleph) 022664860
090 _a13547298
_c13547298
100 _a20251113d2025 d y0rusy50 ca
101 1 _arus
_cger
102 _aRU
105 _aa zt 000ay
181 0 _ai3
_baxxe
181 0 _ai2
_baxxe
182 0 _an
200 1 _aМиссия "Халат"
_eприключение-квест
_eистория Леннарда
_fДаниэль Блекман, Томас Гуссунг
_g[перевод с немецкого Анастасии Никаевой]
203 _aТекст
_aИзображение
_bвизуальные
_cнепосредственные
210 _aМосква
_cЭксмо
_d2025
215 _a[96] c.
_cил., цв. ил.
_d24
225 1 _aХроники гоблина
309 _aОписано по обл. Текст и ил. частично в виде комиксов
333 _a12+
686 0 _aШ9(4Г)62-4Б.
686 0 _aШ9(4Г)62-4Г.
700 1 _7ca
_8rus
_aБлекманн
_bД.
_f1977-
_gДаниэль
_92672098
_3RU\NLR\AUTH\770282658
701 1 _7ca
_8rus
_aГуссунг
_bТ.
_f1990-
_gТомас
_92650388
_3RU\NLR\AUTH\770278421
942 _cBOOK
980 _aNB